000 00399nam a2200145Ia 4500
008 231217s9999 xx 000 0 und d
041 _aEnglish
082 _a650 MCD;1 R
100 _aMcdonald,John stevens, Catharine Sloan,Alfred P
245 0 _aMy years with general motors
260 _c2004
_bCurrency doubleday
_aNew York
300 _axxi+472
650 _aMy,years,motors
942 _cAA
999 _c191929
_d191929